000 00424nam a2200145Ia 4500
008 151213s9999 xx 000 0 und d
100 _aইফ্ফাত আরা
245 _aদ্বিতীয় চিন্তা
_cইফ্ফাত আরা
260 _aঢাকা
_c1999
300 _a8461 p.
650 _aBangla
650 _aBengali Literature
700 _aইফ্ফাত আরা
999 _c4299
_d4299